| 000 | 00570nam a2200193Ia 4500 | ||
|---|---|---|---|
| 008 | 151119s9999||||xx |||||||||||||| ||und|| | ||
| 082 | _a925 | ||
| 082 | _bGKKV7400 | ||
| 100 | _aपाठक सरिता | ||
| 245 | _aभारतीय शास्त्रज्ञ | ||
| 260 | _a-- | ||
| 260 | _b-- | ||
| 260 | _c1992 | ||
| 600 | _aपाठक सरिता | ||
| 630 | _aभारतीय शास्त्रज्ञ | ||
| 700 | _aपाठक सरिता | ||
| 730 | _aभारतीय शास्त्रज्ञ | ||
| 942 | _cBOOK | ||
| 999 |
_c1062070 _d1062067 |
||